[Event "World Rapid 2019"]
[Site "Moscow RUS"]
[Date "2019.12.26"]
[Round "3.94"]
[White "Luukkonen, Tommi"]
[Black "Bluebaum, Matthias"]
[Result "0-1"]
[WhiteTitle "FM"]
[BlackTitle "GM"]
[WhiteElo "2290"]
[BlackElo "2644"]
[WhiteFideId "501808"]
[BlackFideId "24651516"]
[EventDate "2019.12.26"]
[EventType "rapid"]

1. e4 c6 2. Nc3 d5 3. Nf3 dxe4 4. Nxe4 Nf6 5. Qe2 Nxe4 6. Qxe4 Nd7 7. Bc4 Nf6 8.
Ne5 e6 9. Qe2 b5 10. Bb3 Qc7 11. a4 Bd6 12. d4 O-O 13. axb5 cxb5 14. Qxb5 a5 15.
Qe2 Ba6 16. Bc4 Bxe5 17. Bxa6 Bxd4 18. O-O Rfd8 19. Bd3 h6 20. c3 Bb6 21. Bc2
Qc6 22. Bf4 Bc7 23. Ba4 Qb7 24. Bxc7 Qxc7 25. Rad1 Nd5 26. g3 Rab8 27. Rd4 Qb6
28. Bc2 Nf6 29. Rxd8+ Rxd8 30. Rd1 Rxd1+ 31. Bxd1 g6 32. Qd2 Kg7 33. Bf3 e5 34.
c4 Qb4 35. Qxb4 axb4 36. Bc6 Kf8 37. f3 Ke7 38. Kf2 Kd6 39. Bb5 Ng8 40. Ke3 f5
41. h4 Nf6 42. Ba6 Kc5 43. b3 g5 44. hxg5 hxg5 45. Bc8 f4+ 46. gxf4 gxf4+ 47.
Kd3 Ne8 48. Be6 Nd6 49. Bd5 Kb6 50. Be4 Ne8 51. Bd5 Nf6 52. Be6 Kc6 53. Bf5 Kd6
54. Bh3 Nh7 55. Bf5 Ng5 56. Be4 Ne6 57. Kc2 Nc5 58. Bf5 Ke7 59. Bg4 Kf6 60. Bh5
Kg5 61. Be8 Kh4 62. Bc6 Kg3 63. Bd5 e4 64. fxe4 f3 65. Kd2 f2 66. Ke2 Kg2 67.
e5+ Kg1 0-1

[Event "World Rapid 2019"]
[Site "Moscow RUS"]
[Date "2019.12.26"]
[Round "3.95"]
[White "Gasanov, Eldar"]
[Black "Zarubitski, Viachaslau"]
[Result "1/2-1/2"]
[WhiteTitle "GM"]
[BlackTitle "IM"]
[WhiteElo "2481"]
[BlackElo "2451"]
[WhiteFideId "14104466"]
[BlackFideId "13509373"]
[EventDate "2019.12.26"]
[EventType "rapid"]

1. d4 d5 2. c4 c6 3. Nc3 Nf6 4. Nf3 dxc4 5. a4 Bf5 6. Nh4 Bd7 7. g3 e6 8. Bg2
Bb4 9. O-O O-O 10. Qc2 Re8 11. Ne4 Be7 12. Nxf6+ Bxf6 13. Nf3 c5 14. dxc5 Na6
15. Qxc4 Rc8 16. Be3 Nxc5 17. a5 Na4 18. Qb4 Nxb2 19. Bxa7 Bc6 20. Rac1 Qd5 21.
Rc2 Qb5 22. Qxb5 Bxb5 23. Rxc8 Rxc8 24. Nd4 Ba6 25. Rb1 Nc4 26. Bxb7 Bxb7 27.
Rxb7 Nxa5 28. Rd7 Rd8 29. Rc7 Bxd4 30. Bxd4 Nb3 31. Be3 h6 32. g4 Nd4 33. Bxd4 1/2-1/2

[Event "World Rapid 2019"]
[Site "Moscow RUS"]
[Date "2019.12.26"]
[Round "3.96"]
[White "Ruck, Robert"]
[Black "Lam, Daniel King Wai"]
[Result "1-0"]
[WhiteTitle "GM"]
[BlackTitle "FM"]
[WhiteElo "2530"]
[BlackElo "2110"]
[WhiteFideId "705713"]
[BlackFideId "6001238"]
[EventDate "2019.12.26"]
[EventType "rapid"]

1. Nf3 c5 2. c4 Nc6 3. Nc3 g6 4. e3 Nf6 5. d4 cxd4 6. exd4 d5 7. cxd5 Nxd5 8.
Qb3 Nxc3 9. Bc4 e6 10. bxc3 Na5 11. Qa4+ Bd7 12. Bb5 Nc6 13. d5 exd5 14. O-O f6
15. Re1+ Kf7 16. Qb3 Ne7 17. Rb1 Bxb5 18. Qxb5 Qb6 19. Qd3 Qa6 20. Qxa6 bxa6 21.
Rb7 1-0

[Event "World Rapid 2019"]
[Site "Moscow RUS"]
[Date "2019.12.26"]
[Round "3.97"]
[White "Al Ghamdi, Ahmed M"]
[Black "Geller, Jakov"]
[Result "0-1"]
[WhiteTitle "CM"]
[BlackTitle "GM"]
[WhiteElo "2107"]
[BlackElo "2521"]
[WhiteFideId "21500150"]
[BlackFideId "4151984"]
[EventDate "2019.12.26"]
[EventType "rapid"]

1. e4 c5 2. Nf3 d6 3. d4 cxd4 4. Nxd4 Nf6 5. Nc3 a6 6. f3 e6 7. Be3 b5 8. Qd2
Nbd7 9. a4 b4 10. Na2 d5 11. exd5 Nxd5 12. Bg5 Qc7 13. Be2 Bd6 14. Nf5 Be5 15.
Nxb4 Bxb2 16. Nxd5 exd5 17. Qe3+ Qe5 18. Ra3 O-O 19. Qxe5 Bxe5 20. Ne7+ Kh8 21.
Nxd5 Rb8 22. O-O Re8 23. Kh1 Bb7 24. c4 Bxd5 25. cxd5 Bb2 26. Re3 h6 27. Bf4
Rxe3 28. Bxe3 Re8 29. Rb1 Bc3 30. Bxa6 Rxe3 31. g3 Rxf3 32. Rb3 Nc5 33. Rb8+ Kh7
34. Bb5 Rf2 35. d6 Rd2 36. Rc8 Bb4 37. a5 Rxd6 38. Rc7 f5 39. h4 Ne4 40. a6 Rd1+
41. Kg2 Rd2+ 42. Kf3 Bc5 43. Be2 Ra2 44. Rc6 Ra3+ 45. Kf4 Bd6+ 46. Kxf5 Nxg3+
47. Kg4 Nxe2 48. Rxd6 Ra4+ 49. Kf3 Nd4+ 50. Kg4 Nb5+ 51. Kh5 Nxd6 0-1

[Event "World Rapid 2019"]
[Site "Moscow RUS"]
[Date "2019.12.26"]
[Round "3.98"]
[White "Faizrakhmanov, Ramil"]
[Black "Al Nhier, Hamoud"]
[Result "1-0"]
[WhiteTitle "IM"]
[BlackTitle "FM"]
[WhiteElo "2434"]
[BlackElo "1934"]
[WhiteFideId "24103209"]
[BlackFideId "21500045"]
[EventDate "2019.12.26"]
[EventType "rapid"]

1. d4 Nf6 2. c4 e6 3. Nf3 d5 4. Nc3 Nbd7 5. cxd5 exd5 6. Bg5 Be7 7. e3 O-O 8.
Bd3 c6 9. Qc2 h6 10. Bh4 Re8 11. O-O Ne4 12. Bg3 Nxg3 13. hxg3 Bd6 14. a3 Nf6
15. b4 Bd7 16. Rab1 a5 17. Na4 axb4 18. axb4 b6 19. b5 c5 20. dxc5 bxc5 21. Nxc5
Rc8 22. Nxd7 Qxd7 23. Qb3 Bc5 24. Nd4 Bxd4 25. exd4 Rb8 26. Rfc1 Rb6 27. Rc6 Re6
28. Bf5 Rbxc6 29. bxc6 Qxc6 30. Bxe6 Qxe6 31. Qb8+ Kh7 32. Qe5 Qc8 33. f3 Qc2
34. Rb7 Qc1+ 35. Kh2 Kg6 36. Qe7 Qg5 37. Qxf7+ Kh7 38. Qe6 h5 39. Qe5 Qg6 40.
Qf4 1-0

[Event "World Rapid 2019"]
[Site "Moscow RUS"]
[Date "2019.12.26"]
[Round "3.99"]
[White "Lobanov, Sergei"]
[Black "Al Mutairi, Hassan S"]
[Result "1-0"]
[WhiteTitle "IM"]
[BlackTitle "CM"]
[WhiteElo "2504"]
[BlackElo "1883"]
[WhiteFideId "24183750"]
[BlackFideId "21500193"]
[EventDate "2019.12.26"]
[EventType "rapid"]

1. e4 e5 2. Nf3 d6 3. d4 Nd7 4. Nc3 Ngf6 5. Bc4 Be7 6. O-O O-O 7. Re1 c6 8. a4
a5 9. Ba2 exd4 10. Nxd4 Nc5 11. h3 Be6 12. Qf3 Bxa2 13. Rxa2 Re8 14. Nf5 Bf8 15.
Bg5 Re6 16. Nd4 Re5 17. Bxf6 Qxf6 18. Qxf6 gxf6 19. f4 Ree8 20. Raa1 Ne6 21.
Nde2 Bh6 22. g3 Rad8 23. Rad1 Re7 24. Kf2 Red7 25. Rd2 Bf8 26. Red1 Nc5 27. Nd4
Re8 28. Kf3 Ne6 29. Nf5 Red8 30. g4 Ng7 31. Nh6+ Kh8 32. Ne2 Ne6 33. Nf5 Ng7 34.
Neg3 b5 35. axb5 cxb5 36. Rd5 Rc8 37. R1d2 Rdc7 38. Rxb5 Rxc2 39. Rxc2 Rxc2 40.
Rb8 Ne6 41. Nh5 Rh2 42. Kg3 Rd2 43. Nxf6 Rd3+ 44. Kh4 a4 45. Ra8 Rb3 46. Nh5 Rb4
47. Nxd6 Rxb2 48. Nxf7+ Kg8 49. Nh6+ Kh8 50. f5 1-0

[Event "World Rapid 2019"]
[Site "Moscow RUS"]
[Date "2019.12.26"]
[Round "3.100"]
[White "Potapov, Pavel"]
[Black "Masrahi, Abdulrahman A"]
[Result "1-0"]
[WhiteTitle "GM"]
[BlackTitle "CM"]
[WhiteElo "2482"]
[BlackElo "1956"]
[WhiteFideId "4169786"]
[BlackFideId "21501564"]
[EventDate "2019.12.26"]
[EventType "rapid"]

1. e4 e5 2. Nf3 Nc6 3. Bc4 Bc5 4. c3 Nf6 5. d4 exd4 6. e5 d5 7. Bb5 Ne4 8. cxd4
Bb6 9. Nc3 O-O 10. Be3 Bg4 11. h3 Bh5 12. Qc2 Bg6 13. Qb3 Ba5 14. O-O a6 15. Be2
Nb4 16. Rac1 Rb8 17. a3 Nxc3 18. Qxc3 Nc6 19. b4 Bb6 20. a4 a5 21. b5 Nb4 22.
Qb3 Qe7 23. Nd2 c6 24. f4 Qd7 25. Nf3 Be4 26. Ng5 Bg6 27. Kh2 h6 28. Nf3 Be4 29.
Nd2 Bh7 30. Bg4 Qe7 31. f5 f6 32. e6 Bc7+ 33. Kh1 Bd6 34. Be2 Rfc8 35. g4 Kh8
36. h4 Rc7 37. h5 Rbc8 38. b6 1-0

[Event "World Rapid 2019"]
[Site "Moscow RUS"]
[Date "2019.12.26"]
[Round "3.101"]
[White "Usov, Aleksandr E."]
[Black "Iljiushenok, Ilia"]
[Result "1-0"]
[BlackTitle "GM"]
[WhiteElo "2012"]
[BlackElo "2521"]
[WhiteFideId "24257109"]
[BlackFideId "24105074"]
[EventDate "2019.12.26"]
[EventType "rapid"]

1. e4 e6 2. d4 d5 3. Nd2 a6 4. Ngf3 Nf6 5. e5 Nfd7 6. Bd3 c5 7. c3 Nc6 8. O-O g5
9. Nb3 h6 10. Nxc5 Nxc5 11. dxc5 Bxc5 12. Qe2 g4 13. Nd2 h5 14. Nb3 Be7 15. f4
gxf3 16. Rxf3 Qc7 17. Bf4 Bd7 18. Kh1 O-O-O 19. a4 Rdg8 20. a5 Rg4 21. h3 Rxf4
22. Rxf4 Nxe5 23. Raf1 f5 24. c4 Bg5 25. cxd5 Bxf4 26. Rxf4 Kb8 27. Bxa6 Ka7 28.
dxe6 Bc6 29. Nd4 Rg8 30. Nxc6+ Qxc6 31. Bb5 Qxe6 32. Bc4 Qg6 33. Bxg8 Nc6 34.
Bd5 Qd6 35. Rxf5 Nd4 36. Qe3 Qc5 37. Be4 Qb4 38. Rd5 1-0

[Event "World Rapid 2019"]
[Site "Moscow RUS"]
[Date "2019.12.26"]
[Round "4.3"]
[White "Smirin, Ilia"]
[Black "Guseinov, Gadir"]
[Result "1-0"]
[WhiteTitle "GM"]
[BlackTitle "GM"]
[WhiteElo "2607"]
[BlackElo "2666"]
[WhiteFideId "2801990"]
[BlackFideId "13401378"]
[EventDate "2019.12.26"]
[EventType "rapid"]

1. e4 c5 2. Nf3 g6 3. Bc4 Bg7 4. c3 e6 5. d4 cxd4 6. Nxd4 a6 7. O-O Qc7 8. Bb3
Ne7 9. Bg5 Qe5 10. f4 Qc5 11. f5 gxf5 12. Be3 f4 13. Rxf4 Qc7 14. Nd2 Ng6 15.
Rf3 Nc6 16. Nxc6 bxc6 17. Nc4 d5 18. exd5 cxd5 19. Nb6 Rb8 20. Nxc8 Rxc8 21. Qe2
Qc6 22. Raf1 Rc7 23. Rh3 Kf8 24. Bc2 d4 25. Bd2 Qb6 26. Kh1 Qxb2 27. Bxg6 dxc3
28. Bxf7 Rxf7 29. Rhf3 Rxf3 30. Qxf3+ Ke7 31. Qf7+ Kd6 32. Qxg7 Rc8 33. Qd4+ Kc6
34. Qc4+ 1-0

[Event "World Rapid 2019"]
[Site "Moscow RUS"]
[Date "2019.12.26"]
[Round "4.6"]
[White "Aronian, Levon"]
[Black "Shimanov, Aleksandr"]
[Result "1/2-1/2"]
[WhiteTitle "GM"]
[BlackTitle "GM"]
[WhiteElo "2775"]
[BlackElo "2587"]
[WhiteFideId "13300474"]
[BlackFideId "4198603"]
[EventDate "2019.12.26"]
[EventType "rapid"]

1. e4 c6 2. Nf3 d5 3. d3 Qc7 4. g3 dxe4 5. dxe4 e5 6. Bg2 Nf6 7. O-O Bg4 8. Nbd2
Bc5 9. h3 Bh5 10. Qe1 O-O 11. Nb3 Bxf3 12. Bxf3 Bb6 13. Qe2 Nbd7 14. Nd2 Rfe8
15. Rd1 Bc5 16. Nb3 Bb6 17. Kg2 a5 18. a4 Nc5 19. Nxc5 Bxc5 20. Bg5 Nd7 21. Bg4
Nf8 22. Qc4 Bb6 23. Ra3 h6 24. Bc1 Rad8 25. h4 Rxd1 26. Bxd1 Rd8 27. Rd3 Rxd3
28. Qxd3 Nd7 29. Bg4 Nf6 30. Bh3 Qe7 31. c3 Bc5 32. Kf1 Qc7 33. Ke1 Qb6 34. Qc2
Qd8 35. Qe2 Qc7 36. Qd3 Qb6 37. Qc2 Qd8 38. Qe2 Qc7 39. Qd3 Qb6 40. Qc2 1/2-1/2

[Event "World Rapid 2019"]
[Site "Moscow RUS"]
[Date "2019.12.26"]
[Round "4.12"]
[White "Giri, Anish"]
[Black "Tregubov, Pavel V."]
[Result "1-0"]
[WhiteTitle "GM"]
[BlackTitle "GM"]
[WhiteElo "2769"]
[BlackElo "2588"]
[WhiteFideId "24116068"]
[BlackFideId "4115341"]
[EventDate "2019.12.26"]
[EventType "rapid"]

1. Nf3 Nf6 2. c4 c5 3. Nc3 Nc6 4. e3 e6 5. d4 d5 6. cxd5 exd5 7. Bb5 a6 8. Bxc6+
bxc6 9. O-O Bd6 10. dxc5 Bxc5 11. b3 Bg4 12. Bb2 O-O 13. Ne2 Bxf3 14. gxf3 Nd7
15. Rc1 Rc8 16. Qd3 a5 17. Qc3 Qg5+ 18. Kh1 Bb4 19. Qd4 f6 20. Rg1 Qh5 21. Qg4
Qxg4 22. fxg4 Ne5 23. Rcd1 a4 24. Nd4 axb3 25. axb3 h6 26. h4 Rfe8 27. g5 hxg5
28. hxg5 Kf7 29. Nf5 Rh8+ 30. Kg2 Ra8 31. Bd4 Rh5 32. Ng3 Rh4 33. Ra1 Rhh8 34.
Rh1 Rhc8 35. gxf6 gxf6 36. Rh7+ Ke6 37. Rah1 Bf8 38. Nh5 c5 39. Bc3 Rcb8 40.
Nf4+ Kd6 41. Rd1 Rxb3 42. Rxd5+ Kc6 43. Bxe5 fxe5 44. Rxe5 Kb5 45. Ne6 Bd6 46.
Rf5 Kc6 47. Rh6 Rc3 48. Kf3 Re8 49. Ng5 Kc7 50. Ne4 Rd3 51. Nxd6 1-0

[Event "World Rapid 2019"]
[Site "Moscow RUS"]
[Date "2019.12.26"]
[Round "4.13"]
[White "Nepomniachtchi, Ian"]
[Black "Riazantsev, Alexander"]
[Result "1/2-1/2"]
[WhiteTitle "GM"]
[BlackTitle "GM"]
[WhiteElo "2767"]
[BlackElo "2639"]
[WhiteFideId "4168119"]
[BlackFideId "4125029"]
[EventDate "2019.12.26"]
[EventType "rapid"]

1. c4 e6 2. Nf3 d5 3. d4 Nf6 4. g3 Bb4+ 5. Bd2 a5 6. Bg2 O-O 7. Qc2 c5 8. dxc5
d4 9. Ne5 Bxc5 10. O-O Nbd7 11. Nd3 e5 12. Nxc5 Nxc5 13. b4 axb4 14. Bxb4 Qb6
15. Bxc5 Qxc5 16. Nd2 Qc7 17. Rfb1 Ra7 18. c5 Be6 19. Ne4 Nxe4 20. Bxe4 f5 21.
Bd3 Ra5 22. Bc4 Bxc4 23. Qxc4+ Kh8 24. Rb5 Rxb5 25. Qxb5 Rc8 26. Rb1 h6 27. a4
e4 28. a5 Qxc5 29. Qxb7 d3 30. exd3 exd3 31. Qd7 Ra8 32. Rb5 Qc3 33. Rxf5 d2 34.
Rd5 d1=Q+ 35. Rxd1 Qxa5 36. Qe7 Qc3 37. Qe3 Qc6 38. Rc1 Qf6 39. Kg2 Rf8 40. h4
Qf5 41. Rc5 Qf7 42. Re5 Qb7+ 43. Kg1 Qb1+ 44. Kh2 Qc2 45. Kg2 Qc6+ 46. Kg1 Qf6
47. h5 Qc6 48. Re4 Ra8 49. Kh2 Rf8 50. Kg1 Ra8 51. Qd4 Rf8 52. Rg4 Qf6 53. Qe3
Qf3 54. Qd4 Qf6 55. Qa7 Qf7 56. Qxf7 Rxf7 57. Rd4 Rf5 58. g4 Ra5 59. Kg2 Kh7 60.
Kg3 Ra3+ 61. Kg2 Ra2 62. Re4 Rb2 63. Kg3 Rb3+ 64. Re3 Rb2 65. f4 Rb5 66. Kf3 Ra5
67. Re5 Ra3+ 68. Ke4 Ra4+ 69. Kf5 Ra1 70. Rd5 Rf1 71. Rd4 Rf2 72. Ke6 Re2+ 73.
Kf7 Ra2 74. Rd5 Ra4 75. Rf5 Ra7+ 76. Ke6 Ra6+ 77. Ke5 Ra5+ 78. Ke4 Ra4+ 79. Kf3
Ra3+ 80. Kf2 Ra2+ 81. Kg3 Ra3+ 82. Kh4 Ra4 83. Rf8 Rb4 84. g5 hxg5+ 85. Kxg5
Rb5+ 86. Rf5 Rxf5+ 87. Kxf5 Kh6 88. Kg4 g6 1/2-1/2

[Event "World Rapid 2019"]
[Site "Moscow RUS"]
[Date "2019.12.26"]
[Round "4.14"]
[White "Fridman, Daniel"]
[Black "Le, Quang Liem"]
[Result "1/2-1/2"]
[WhiteTitle "GM"]
[BlackTitle "GM"]
[WhiteElo "2616"]
[BlackElo "2713"]
[WhiteFideId "11600454"]
[BlackFideId "12401137"]
[EventDate "2019.12.26"]
[EventType "rapid"]

1. d4 Nf6 2. Nf3 e6 3. c4 b6 4. g3 Bb7 5. Bg2 Be7 6. O-O O-O 7. Re1 Na6 8. a3 c5
9. d5 exd5 10. Nh4 Ne4 11. cxd5 Bxh4 12. Bxe4 Bf6 13. Nc3 d6 14. Bg2 Re8 15. Rb1
c4 16. Qa4 Nc5 17. Qxc4 Ba6 18. Qg4 Nd3 19. Rd1 Nxc1 20. Rdxc1 Bxc3 21. Rxc3
Bxe2 22. Qd4 Rc8 23. Rbc1 Rc5 24. b4 Rxc3 25. Qxc3 Bb5 26. h4 g6 27. Bf3 Qe7 28.
Qc7 Qf6 29. Kg2 Be2 30. Rc3 Ba6 31. Rb3 Bb5 32. Qc3 Qf5 33. Qd2 Bc4 34. Rc3 b5
35. Rc1 h5 36. Qf4 Qxf4 37. gxf4 Kg7 38. a4 Kf6 39. Kg3 Re7 40. Kg2 Rb7 41. Kg3
Bd3 42. a5 Bc4 43. Kg2 Re7 44. Kg3 Kf5 45. Rd1 Kf6 46. Rc1 Re8 47. Kg2 Kg7 48.
Kg3 Re7 49. Kg2 Kh6 50. Kg3 f6 51. Rh1 Re8 52. Rc1 Re7 53. Rh1 Bd3 54. Rc1 Bc4 1/2-1/2

[Event "World Rapid 2019"]
[Site "Moscow RUS"]
[Date "2019.12.26"]
[Round "4.15"]
[White "Svidler, Peter"]
[Black "Vokhidov, Shamsiddin"]
[Result "1/2-1/2"]
[WhiteTitle "GM"]
[BlackTitle "IM"]
[WhiteElo "2723"]
[BlackElo "2526"]
[WhiteFideId "4102142"]
[BlackFideId "14204223"]
[EventDate "2019.12.26"]
[EventType "rapid"]

1. c4 e5 2. g3 Nf6 3. Bg2 Nc6 4. Nc3 Bb4 5. e4 d6 6. Nge2 a6 7. h3 Bc5 8. d3 Nd4
9. Be3 Nxe2 10. Qxe2 Nd7 11. a3 Bxe3 12. Qxe3 Nc5 13. b4 Nb3 14. Rb1 Nd4 15. O-O
O-O 16. Ne2 Nxe2+ 17. Qxe2 a5 18. Qe3 axb4 19. axb4 Be6 20. c5 1/2-1/2

[Event "World Rapid 2019"]
[Site "Moscow RUS"]
[Date "2019.12.26"]
[Round "4.16"]
[White "Vallejo Pons, Francisco"]
[Black "Sargissian, Gabriel"]
[Result "1/2-1/2"]
[WhiteTitle "GM"]
[BlackTitle "GM"]
[WhiteElo "2704"]
[BlackElo "2689"]
[WhiteFideId "2205530"]
[BlackFideId "13300881"]
[EventDate "2019.12.26"]
[EventType "rapid"]

1. e4 e5 2. Nf3 Nc6 3. Bb5 a6 4. Ba4 Nf6 5. d3 b5 6. Bb3 Bc5 7. Nc3 d6 8. Nd5 h6
9. Be3 Be6 10. a4 b4 11. Bxc5 dxc5 12. Nxf6+ Qxf6 13. Bxe6 Qxe6 14. Nd2 Na5 15.
Nb3 Nb7 16. Qe2 O-O 17. O-O Rad8 18. f4 exf4 19. Rxf4 Qe5 20. Raf1 1/2-1/2

[Event "World Rapid 2019"]
[Site "Moscow RUS"]
[Date "2019.12.26"]
[Round "4.17"]
[White "Grachev, Boris"]
[Black "Safarli, Eltaj"]
[Result "1/2-1/2"]
[WhiteTitle "GM"]
[BlackTitle "GM"]
[WhiteElo "2614"]
[BlackElo "2601"]
[WhiteFideId "4129199"]
[BlackFideId "13402129"]
[EventDate "2019.12.26"]
[EventType "rapid"]

1. Nf3 Nf6 2. c4 e6 3. Nc3 c5 4. e3 d5 5. cxd5 exd5 6. d4 a6 7. g3 Nc6 8. Bg2
Be7 9. O-O O-O 10. dxc5 Bxc5 11. a3 Ba7 12. Ne2 Bg4 13. h3 Bxf3 14. Bxf3 Qd7 15.
Bg2 Rad8 16. Bd2 d4 17. exd4 Nxd4 18. Bc3 Nxe2+ 19. Qxe2 Rfe8 20. Qc4 b5 21. Qc6
Qxc6 22. Bxc6 Re6 23. Rad1 Red6 24. Rxd6 Rxd6 25. Bf3 h6 26. Kg2 Re6 27. Rd1 Bb6
28. Re1 Rxe1 29. Bxe1 Bd4 30. b3 Nd7 31. Be4 Nc5 32. Bc2 Kf8 33. Kf3 Ke7 34. h4
Kd6 35. Ke2 Ne6 36. a4 Bb6 37. Bd1 Nd4+ 38. Kd3 Kd5 39. axb5 axb5 40. b4 Bc7 41.
Bd2 Bd6 42. Be3 Nf5 43. Bb3+ Kc6 44. Bd2 f6 45. Ke4 Ne7 46. h5 Kd7 47. Bd1 f5+
48. Kf3 Nc6 49. Bc3 Be5 50. Bd2 1/2-1/2

[Event "World Rapid 2019"]
[Site "Moscow RUS"]
[Date "2019.12.26"]
[Round "4.18"]
[White "Dreev, Aleksey"]
[Black "Motylev, Alexander"]
[Result "1/2-1/2"]
[WhiteTitle "GM"]
[BlackTitle "GM"]
[WhiteElo "2677"]
[BlackElo "2640"]
[WhiteFideId "4100107"]
[BlackFideId "4121830"]
[EventDate "2019.12.26"]
[EventType "rapid"]

1. d4 d5 2. Nf3 Nf6 3. c4 e6 4. Nc3 c6 5. e3 Nbd7 6. Be2 Bd6 7. O-O O-O 8. a4 a5
9. Qc2 Re8 10. Rd1 h6 11. e4 Nxe4 12. Nxe4 dxe4 13. Qxe4 c5 14. b3 cxd4 15. Nxd4
Nc5 16. Qc2 Bd7 17. Bb2 Qc7 18. g3 Rad8 1/2-1/2

[Event "World Rapid 2019"]
[Site "Moscow RUS"]
[Date "2019.12.26"]
[Round "4.19"]
[White "Suleymanli, Aydin"]
[Black "Ponkratov, Pavel"]
[Result "0-1"]
[WhiteTitle "IM"]
[BlackTitle "GM"]
[WhiteElo "2473"]
[BlackElo "2632"]
[WhiteFideId "13413937"]
[BlackFideId "4157800"]
[EventDate "2019.12.26"]
[EventType "rapid"]

1. d4 e6 2. c4 c5 3. d5 exd5 4. cxd5 d6 5. Nc3 a6 6. a4 g6 7. e4 Bg7 8. f4 Nh6
9. Nf3 Bg4 10. Be2 Nd7 11. O-O O-O 12. h3 Bxf3 13. Bxf3 f5 14. Re1 Qh4 15. Be3
fxe4 16. Bxe4 Rae8 17. Qd3 Nf6 18. Bf2 Qxf4 19. Bg3 Qg5 20. Bxd6 Nfg4 21. Bxc5
Be5 22. d6 Bh2+ 23. Kh1 Qxc5 24. Qd5+ Qxd5 25. Bxd5+ Kg7 26. Rxe8 Rxe8 27. d7
Rd8 28. hxg4 Be5 29. Bxb7 Rxd7 30. Bxa6 Rd2 31. g5 Nf5 32. Re1 Bd4 33. Ne4 Rxb2
34. Rc1 Be5 35. Rd1 Rb4 36. Rd7+ Kf8 37. g4 Ne3 38. Bd3 Rxa4 39. Kg1 Nxg4 40.
Rxh7 Bd4+ 41. Kg2 Ra3 42. Be2 Ne3+ 43. Kh3 Ra2 44. Bf3 Be5 45. Ng3 Ra3 46. Ne2
Bg7 47. Rh4 Nf5 48. Rf4 Be5 49. Kg4 Bxf4 50. Nxf4 Kg7 51. Ne6+ Kf7 52. Nf4 Ra4
53. Bd5+ Ke7 54. Kf3 Kd6 55. Bf7 Ra3+ 56. Kf2 Ke5 57. Nxg6+ Ke4 58. Nf8 Rf3+ 59.
Kg1 Ne3 60. g6 Rg3+ 61. Kh1 Kf3 62. Ne6 Kf2 63. Nf4 0-1

[Event "World Rapid 2019"]
[Site "Moscow RUS"]
[Date "2019.12.26"]
[Round "4.22"]
[White "Artemiev, Vladislav"]
[Black "Alekseev, Evgeny"]
[Result "1/2-1/2"]
[WhiteTitle "GM"]
[BlackTitle "GM"]
[WhiteElo "2731"]
[BlackElo "2620"]
[WhiteFideId "24101605"]
[BlackFideId "4138147"]
[EventDate "2019.12.26"]
[EventType "rapid"]

1. c4 e6 2. Nf3 d5 3. e3 Nf6 4. Nc3 c5 5. cxd5 exd5 6. d4 Nc6 7. Bb5 Bd6 8. dxc5
Bxc5 9. O-O O-O 10. b3 Bg4 11. Bb2 Qd6 12. Rc1 Bb6 13. Ne2 Bxf3 14. gxf3 Rfd8
15. Ng3 g6 16. Bxc6 bxc6 17. b4 d4 18. Bxd4 Bxd4 19. Qxd4 Qxd4 20. exd4 Rxd4 21.
Rxc6 Kg7 22. Rb1 Rb8 23. a3 Rd3 24. Ra6 Rb7 25. Rxf6 Kxf6 26. Ne4+ Ke7 27. Nc5
Rbd7 28. Re1+ Kd8 29. Nxd3 Rxd3 30. a4 Rxf3 31. Re5 Rf4 1/2-1/2

[Event "World Rapid 2019"]
[Site "Moscow RUS"]
[Date "2019.12.26"]
[Round "4.25"]
[White "Postny, Evgeny"]
[Black "Matlakov, Maxim"]
[Result "1-0"]
[WhiteTitle "GM"]
[BlackTitle "GM"]
[WhiteElo "2605"]
[BlackElo "2699"]
[WhiteFideId "2804344"]
[BlackFideId "4168003"]
[EventDate "2019.12.26"]
[EventType "rapid"]

1. d4 Nf6 2. c4 e6 3. Nf3 d5 4. g3 Bb4+ 5. Bd2 Be7 6. Bg2 O-O 7. O-O c6 8. Qc2
Nbd7 9. Rd1 a5 10. Bf4 h6 11. Nc3 dxc4 12. Nd2 Nb6 13. Nce4 Nfd5 14. Nxc4 Nxf4
15. gxf4 Nxc4 16. Qxc4 Qc7 17. e3 Bd7 18. Rac1 Rfd8 19. Nc5 Be8 20. Nd3 Rac8 21.
Qc2 Bd6 22. Qe2 Qe7 23. Nc5 f5 24. Nd3 g5 25. e4 gxf4 26. e5 Bb8 27. Nxf4 Kh7
28. Rc3 Ba7 29. Qc4 Bf7 30. Rcd3 Rg8 31. Rg3 Qh4 32. Qc1 Rcd8 33. Qe3 Qe7 34. a3
Rg5 35. Rd3 Rd7 36. Kf1 Qd8 37. Ne2 Rxg3 38. hxg3 c5 39. Rb3 c4 40. Rxb7 Rxb7
41. Bxb7 Qb6 42. Bf3 Qxb2 43. g4 fxg4 44. Be4+ Bg6 45. Bxg6+ Kxg6 46. Qe4+ Kg5
47. Qf4+ Kg6 48. Qf6+ Kh7 49. Qf7+ Kh8 50. Qf8+ Kh7 51. Qf7+ Kh8 52. Nf4 Qb1+
53. Kg2 Qe4+ 54. Kh2 g3+ 55. Kxg3 1-0

[Event "World Rapid 2019"]
[Site "Moscow RUS"]
[Date "2019.12.26"]
[Round "4.26"]
[White "Yuffa, Daniil"]
[Black "Petrosian, Tigran L."]
[Result "1-0"]
[WhiteTitle "GM"]
[BlackTitle "GM"]
[WhiteElo "2566"]
[BlackElo "2601"]
[WhiteFideId "24131423"]
[BlackFideId "13301616"]
[EventDate "2019.12.26"]
[EventType "rapid"]

1. d4 d6 2. Nf3 Bg4 3. e4 e6 4. c4 Nc6 5. d5 Ne5 6. Qa4+ Nd7 7. Be2 Nf6 8. Nc3
e5 9. h3 Bh5 10. Be3 Be7 11. g4 Bg6 12. Nd2 Ng8 13. O-O-O h6 14. Nf3 Nf6 15. Bd3
a6 16. Qc2 c6 17. dxc6 bxc6 18. c5 Qa5 19. cxd6 Bxd6 20. Nh4 Bc5 21. Nxg6 Bxe3+
22. fxe3 fxg6 23. Bc4 Nb6 24. Qb3 Ra7 25. Rd3 Qc5 26. Rhd1 Rd7 27. Bf7+ Kd8 28.
Rxd7+ Nfxd7 29. Be6 Kc7 30. Bxd7 Nxd7 31. Kb1 Rd8 32. Rc1 Rb8 33. Nd5+ Kd6 34.
Qd1 Qa5 35. Nb6+ 1-0

[Event "World Rapid 2019"]
[Site "Moscow RUS"]
[Date "2019.12.26"]
[Round "4.27"]
[White "Savchenko, Boris"]
[Black "Meier, Georg"]
[Result "0-1"]
[WhiteTitle "GM"]
[BlackTitle "GM"]
[WhiteElo "2577"]
[BlackElo "2626"]
[WhiteFideId "4147332"]
[BlackFideId "4675789"]
[EventDate "2019.12.26"]
[EventType "rapid"]

1. e4 e6 2. d4 d5 3. Nc3 dxe4 4. Nxe4 Nd7 5. Nf3 Ngf6 6. Bg5 h6 7. Nxf6+ Nxf6 8.
Bh4 c5 9. Bb5+ Bd7 10. Bxd7+ Qxd7 11. Qe2 Be7 12. O-O-O O-O 13. dxc5 Qc6 14. Ne5
Qxc5 15. Bxf6 Bxf6 16. Nd7 Qg5+ 17. Kb1 Rfd8 18. h4 Qf5 19. g3 Rac8 20. a3 e5
21. Nxf6+ Qxf6 22. Rxd8+ Rxd8 23. Re1 e4 24. c3 b6 25. Qe3 Qe6 26. Kc2 f5 27. g4
fxg4 28. Qxe4 Qxe4+ 29. Rxe4 h5 30. Re2 Kf7 31. f3 gxf3 32. Re3 g5 33. hxg5 Kg6
34. Rxf3 h4 35. c4 Rh8 36. Rh3 Kxg5 37. Kd3 Kg4 38. Rh1 Kf3 39. b4 h3 40. c5
bxc5 41. bxc5 Kg2 42. Rc1 h2 43. Kc4 Rf8 44. c6 h1=Q 45. Rxh1 Kxh1 46. Kc5 Rf3
47. c7 Rc3+ 48. Kd6 Rd3+ 49. Kc6 Rxa3 0-1